Mario Kart 8 Deluxe Characters - Statistics

General Stats
  • This quiz has been taken 1,621 times
    1,289 since last reset
  • The average score is 35 of 50
Answer Stats
Weight Class Answer % Correct
Medium Mario
97%
Medium Luigi
95%
Heavy Bowser
94%
Medium Peach
94%
Medium Daisy
89%
Light Baby Mario
88%
Medium Yoshi
88%
Light Baby Luigi
87%
Light Baby Peach
87%
Heavy Donkey Kong
85%
Heavy Rosalina
83%
Light Baby Daisy
82%
Light Toad
82%
Heavy Wario
80%
Medium Diddy Kong
79%
Light Baby Rosalina
78%
Light Bowser Jr
77%
Heavy Link
77%
Heavy Waluigi
77%
Varies Mii
75%
Light Dry Bones
73%
Heavy Metal Mario
72%
Light Shy Guy
71%
Heavy Dry Bowser
70%
Light Koopa Troopa
69%
Light Toadette
68%
Medium Birdo
67%
Heavy King Boo
67%
Light Lemmy
67%
Light Villager
67%
Light Wendy
66%
Heavy Funky Kong
65%
Medium Ludwig
65%
Heavy Morton
65%
Heavy Roy
65%
Light Larry
63%
Medium Iggy
62%
Heavy Pauline
59%
Heavy Pink Gold Peach
59%
Light Isabelle
56%
Heavy Wiggler
56%
Medium Inkling Boy
54%
Medium Inkling Girl
54%
Medium Kamek
52%
Light Lakitu
52%
Medium Cat Peach
51%
Heavy Gold Mario
49%
Medium Tanooki Mario
49%
Medium Peachette
47%
Heavy Petey Piranha
46%
No matching quizzes found
Score Distribution
Percent of People with Each Score
Percentile by Number Answered
Your Score History
You have not taken this quiz since the last reset